Statistics for Run (TV) - Taylor Swift (All Lyrics)

Click here to take the quiz!

General Stats

  • This quiz has been taken 4 times
  • The average score is 285 of 349

Answer Stats

Lyrics% Correct
a
100%
And
100%
(And
100%
and
100%
from
100%
law
100%
Like
100%
like
100%
run)
100%
run
100%
Run
100%
the
100%
We
100%
we
100%
you"
100%
you
100%
you'd
100%
all
75%
around
75%
away
75%
back
75%
be
75%
before
75%
blue
75%
bring
75%
called
75%
can
75%
car
75%
chain,
75%
chain
75%
could
75%
Darling,
75%
don't
75%
drive
75%
else
75%
for
75%
four
75%
friends,
75%
give
75%
Give
75%
go
75%
Go
75%
heart
75%
hold
75%
I
75%
I'd
75%
"I'll
75%
I'll
75%
in
75%
is,
75%
it
75%
keep
75%
key
75%
keys,
75%
know
75%
leave
75%
let
75%
let's
75%
locket,
75%
me
75%
my
75%
never
75%
no,
75%
No
75%
no
75%
note
75%
of
75%
on
75%
One,
75%
one
75%
Ooh,
75%
our
75%
paper
75%
picture
75%
piece
75%
pocket
75%
'round
75%
Say
75%
say
75%
see
75%
Since
75%
sky
75%
sleeve,
75%
So
75%
so
75%
Take
75%
take
75%
there's
75%
There's
75%
they
75%
they're
75%
This
75%
this
75%
three,
75%
times
75%
to
75%
town
75%
two,
75%
us
75%
wait
75%
we'll
75%
when
75%
where
75%
with
75%
wrote
75%
your
75%
apart
50%
been
50%
cares
50%
chase
50%
child
50%
dark
50%
'em
50%
eyes
50%
frame
50%
gave
50%
hole
50%
hundred
50%
laugh
50%
onto
50%
Pale
50%
reason
50%
reflected
50%
shot
50%
shouldn't
50%
sing
50%
tear
50%
tell
50%
thing
50%
throat,
50%
trying
50%
view
50%
was
50%
while
50%
you'll
50%

Score Distribution

Percentile by Number Answered

Percent of People with Each Score

Your Score History

You have not taken this quiz